|
|
|
|
| LEADER |
00804nam a2200217 a 4500 |
| 001 |
8006542 |
| 008 |
090716s1966 enkcf b 000 0beng d |
| 010 |
|
|
|a 66074301
|
| 040 |
|
|
|a DLC
|c ScU
|d Uk
|d DLC
|
| 082 |
|
|
|a 821.8
|2 16
|
| 100 |
1 |
|
|a Steane, J. B.
|
| 245 |
1 |
0 |
|a Tennyson
|c [by] J. B. Steane.
|
| 260 |
|
|
|a London;
|a New Delhi:
|b Evans Bros.;
|b DBH,
|c 1966.
|
| 300 |
|
|
|a 160 p.
|b 4 plates (incl. ports.)
|c 19 cm.
|
| 490 |
0 |
|
|a Literature in perspective
|
| 504 |
|
|
|a Bibliography : p. 156-157.
|
| 541 |
1 |
|
|e 00011989
|
| 600 |
1 |
0 |
|a Tennyson, Alfred Tennyson,
|c Baron,
|d 1809-1892.
|
| 852 |
4 |
|
|a Ayesha Abed Library
|j General Shelf.
|
| 999 |
|
|
|c 2672
|d 2672
|
| 952 |
|
|
|0 0
|1 0
|2 ddc
|4 0
|6 821_800000000000000_STE
|7 0
|9 2454
|a BRACUL
|b BRACUL
|c GEN
|d 2009-07-22
|g 95.00
|l 0
|o 821.8 STE
|p 3010011989
|r 2009-07-22
|t 1
|w 2009-07-22
|y BK
|x RS-80.00
|